Ο χαρακτήρας των Ελλήνων : ανιχνεύοντας την εθνική μας ταυτότητα
Αποθηκεύτηκε σε:
| Κύριος συγγραφέας: | |
|---|---|
| Μορφή: | Βιβλίο |
| Γλώσσα: | Greek |
| Δημοσίευση: |
Θεσσαλονίκη :
[χ.ο.],
1983
|
| Έκδοση: | 2η εκδ. |
| Θέματα: | |
| Ετικέτες: |
Προσθήκη ετικέτας
Δεν υπάρχουν, Καταχωρήστε ετικέτα πρώτοι!
|
MARC
| LEADER | 00000nam a2200000 i 4500 | ||
|---|---|---|---|
| 001 | 1/88017 | ||
| 008 | 960705s1983 gre d | ||
| 035 | |a 1986 |c Αγορά |l 10035393 | ||
| 035 | |a 1993 |b 1 |c Χιωτάκης | ||
| 040 | |a GR-MY-UA |b gre |e aacr | ||
| 041 | 0 | |a gre | |
| 082 | 0 | |a 306.09495 | |
| 100 | 1 | |a Βακαλόπουλος, Απόστολος Ε. | |
| 245 | 1 | 2 | |a Ο χαρακτήρας των Ελλήνων : |b ανιχνεύοντας την εθνική μας ταυτότητα / |c Απόστ. Ε. Βακαλόπουλος |
| 250 | |a 2η εκδ. | ||
| 260 | |a Θεσσαλονίκη : |b [χ.ο.], |c 1983 | ||
| 300 | |a 399 σ. | ||
| 650 | 0 | 0 | |a Greeks |x Ethnic identity. |
| 650 | 0 | 0 | |a Ethnology |z Greece. |
| 651 | 0 | |a Greece |x Social conditions. | |
| 852 | |a INST |b RHODES |e 19960705 |h 306.09495 ΒΑΚ |p 005400004464 |q 005400004464 |t BK |y 0 | ||
| 852 | |a INST |b RHODES |e 19960820 |h 306.09495 ΒΑΚ |p 005400009801 |q 005400009801 |t BK |y 0 | ||
| 909 | |a Ρ |b 004892 |c 1986 | ||
| 909 | |a Ρ |b 025818 |c 1993 | ||